|
|
|
|
| LEADER |
01860nam a22004092i 4500 |
| 001 |
000180255 |
| 003 |
CZ BrMZK |
| 005 |
20260326080542.0 |
| 007 |
ta |
| 008 |
950101s1936 xr f cze d |
| 015 |
|
|
|a cnb000103940
|
| 020 |
|
|
|q (Váz.)
|
| 035 |
|
|
|a (OCoLC)85664467
|
| 035 |
|
|
|a (OCoLC)85547891
|
| 040 |
|
|
|a ABA001
|b cze
|d BOA001
|e rda
|
| 041 |
0 |
|
|a cze
|b fre
|
| 080 |
9 |
|
|a 556
|
| 080 |
9 |
|
|a (437.1)
|
| 100 |
1 |
|
|a Podvolecký, František
|7 jx20050715037
|4 aut
|
| 245 |
1 |
0 |
|a Soustavný výzkum podzemních vod a pramenů v českém křídovém útvaru a jeho dosavadní výsledky za období 1928-35 =
|b Recherches systématique sur les eaux souterraines et les sources dans la formation crétacée en Bohême /
|c František Podvolecký
|
| 246 |
3 |
1 |
|a Recherches systématique sur les eaux souterraines et les sources dans la formation crétacée en Bohême et leurs résultats pour la période 1928-35
|
| 264 |
|
1 |
|a V Praze :
|b nákladem vlastním,
|c 1936
|
| 264 |
|
3 |
|b Tiskem Ed. Grégra a syna
|
| 300 |
|
|
|a 14 stran ;
|c 25 cm
|
| 336 |
|
|
|a text
|b txt
|2 rdacontent
|
| 337 |
|
|
|a bez média
|b n
|2 rdamedia
|
| 338 |
|
|
|a svazek
|b nc
|2 rdacarrier
|
| 490 |
1 |
|
|a Práce a studie ;
|v číslo 17 ;
|a Travaux et études ;
|v no. 17
|
| 500 |
|
|
|a Nad názvem: Státní ústavy hydrologický a hydrotechnický T.G. Masaryka v Praze-Podbabě
|
| 546 |
|
|
|a Francouzské resumé
|
| 710 |
2 |
|
|a Státní výzkumné ústavy hydrologický a hydrotechnický T.G. Masaryka
|7 ko2003192678
|4 isb
|
| 787 |
0 |
8 |
|i Zvláštní otisk z:
|t Zprávy veřejné služby technické,
|g 1935
|
| 810 |
2 |
|
|a Státní výzkumné ústavy hydrologický a hydrotechnický T. G. Masaryka.
|t Práce a studie
|0 s
|
| 910 |
|
|
|a BOA001
|b 2-0137.950,17
|
| 990 |
|
|
|a BK
|
| 991 |
|
|
|b 202603
|
| 996 |
7 |
|
|b 2619945209
|c 2-0137.950,17
|l MZK
|r Sklad / do 24 hodin
|n 1
|w 000180255
|u 000010
|a 1
|e BOA001
|j MZK50
|s A
|